000 00737nam a2200181Ia 4500
008 090630s9999 xx 000 0 und d
082 _b16961
100 _aकोल्हटकर उषादेवी विजय.
245 _aस्पंदनाची किमया.
_cकोल्हटकर उषादेवी विजय.
260 _bकॉन्टीनेंटल.
300 _a0
600 _aकोल्हटकर उषादेवी विजय.
630 _aस्पंदनाची किमया.
655 _aकादंबरी.
700 _aकोल्हटकर उषादेवी विजय.
730 _aस्पंदनाची किमया.
942 _cBOOK
999 _c268817
_d268817